000 01461cam a2200397 a 4500
001 12172086
003 OSt
005 20140310182655.0
008 000913s2000 onca b 001 0 eng d
010 _a 00703009
015 _aC00-930250-6
020 _a0195414799 (pbk.)
035 _a(OCoLC)ocm43390725
040 _aCaOTU
_beng
_cNLC
_dDLC
042 _alccopycat
043 _an-cn---
050 0 0 _aHD 6957
_b.L913 2000
082 _aM 331.25
_bL95 2000
100 1 _aLowe, Graham S.
245 1 4 _aThe quality of work :
_ba people-centred agenda /
_cLowe, Graham S.
260 _aDon Mills, Ont. ;
_aNew York :
_bOxford University Press,
_c2000.
300 _ax, 213 p. :
_bill. ;
_c23 cm.
504 _aIncludes bibliographical references ([182]-205) and index.
521 _aCollege students
526 _c 1210L to 1700L
541 _j1
562 _efor circulation. 1 copy available in the collection
650 0 _aQuality of work life
_zCanada.
650 0 _aLabor
_zCanada.
650 0 _aLabor policy
_zCanada.
856 4 2 _3Publisher description
_uhttp://www.loc.gov/catdir/enhancements/fy0611/00703009-d.html
856 4 1 _3Table of contents only
_uhttp://www.loc.gov/catdir/enhancements/fy0611/00703009-t.html
906 _a7
_bcbc
_ccopycat
_d2
_encip
_f20
_gy-gencatlg
942 _2lcc
_cBK
_kM
999 _c15105
_d15105